[Event "SK Münster 2 - SC Gronau 1"]
[Site "Regionalliga Münsterland 2018"]
[Date "2019.03.02"]
[Round "7.2"]
[White "Korth, Daniel"]
[Black "Monsma, Menno"]
[Result "1-0"]
[WhiteElo "2135"]
[BlackElo "2096"]
[PlyCount "67"]
[EventDate "2019.??.??"]
[SourceDate "2018.09.09"]

1. d4 Nf6 2. c4 e6 3. g3 d5 4. Nf3 dxc4 5. Bg2 b5 6. a4 c6 7. Ne5 Nd5 8. O-O
Bb7 9. e4 Nf6 10. d5 cxd5 11. exd5 exd5 12. Re1 Be7 13. axb5 O-O 14. Nxc4 Qc7
15. Na5 Bb4 16. Bd2 Bxd2 17. Qxd2 a6 18. Nxb7 Qxb7 19. Nc3 Ra7 20. Nxd5 Nxd5
21. Qxd5 Qxd5 22. Bxd5 a5 23. Ra3 Rd8 24. Bc4 Kf8 25. Rea1 Rdd7 26. Rxa5 Rxa5
27. Rxa5 Ke7 28. b6 Nc6 29. Rc5 Nd8 30. Rc7 Kd6 31. Rxd7+ Kxd7 32. Bd5 Kd6 33.
b7 Kc7 34. Kf1 1-0

[Event "SK Münster 2 - SC Gronau 1"]
[Site "Regionalliga Münsterland 2018"]
[Date "2019.03.02"]
[Round "7.3"]
[White "Luetkehermoelle, Martin"]
[Black "Baumann, Stephan"]
[Result "0-1"]
[WhiteElo "1968"]
[BlackElo "2034"]
[PlyCount "94"]
[EventDate "2019.??.??"]
[SourceDate "2018.09.09"]

1. e4 e5 2. Nf3 Nc6 3. d4 exd4 4. Nxd4 Nf6 5. Nxc6 bxc6 6. e5 Qe7 7. Qe2 Nd5 8.
c4 Ba6 9. b3 Qh4 10. Bb2 Bb4+ 11. Nd2 Nc3 12. Qe3 Ne4 13. Bc1 Bc3 14. g3 Qe7
15. Rb1 Qxe5 16. Bg2 Nxd2 17. Qxe5+ Bxe5 18. Bxd2 O-O-O 19. O-O d5 20. Rfe1
Rhe8 21. Bb4 Bd4 22. Be7 Bc3 23. Bxd8 Rxe1+ 24. Rxe1 Bxe1 25. Bg5 dxc4 26. Bxc6
c3 27. Be4 Be2 28. Bc2 Kd7 29. Be3 a6 30. f4 Kd6 31. Bf2 Bd2 32. Bd4 g6 33. h3
Kd5 34. Kf2 Bb5 35. Be5 c5 36. Bf6 Bd7 37. g4 Ke6 38. Bg5 Kd5 39. Bf6 Bb5 40.
f5 Bd7 41. fxg6 hxg6 42. Kf3 Ke6 43. Bg7 Bc6+ 44. Kf2 g5 45. Bf8 Ke5 46. Bxc5
Be4 47. Bd6+ Kd5 0-1

[Event "SK Münster 2 - SC Gronau 1"]
[Site "Regionalliga Münsterland 2018"]
[Date "2019.03.02"]
[Round "7.4"]
[White "Mueschenich, Stefan"]
[Black "Storck, Martin"]
[Result "1/2-1/2"]
[WhiteElo "2077"]
[BlackElo "1957"]
[PlyCount "83"]
[EventDate "2019.??.??"]
[SourceDate "2018.09.09"]

1. e4 e5 2. Nf3 Nf6 3. Nxe5 d6 4. Nc4 Nxe4 5. Qe2 Qe7 6. Ne3 c6 7. g3 d5 8. Bg2
Nf6 9. b3 Bg4 10. Nxg4 Nxg4 11. Bb2 Qxe2+ 12. Kxe2 Nd7 13. h3 Ngf6 14. Re1
O-O-O 15. Kf1 Bd6 16. d4 Rde8 17. Nd2 Kd8 18. Rad1 Rxe1+ 19. Rxe1 Re8 20. Rxe8+
Kxe8 21. Ke2 Ke7 22. Ke3 h6 23. Bf1 g5 24. Bd3 Ne8 25. Nf3 Ng7 26. c4 f5 27.
cxd5 f4+ 28. Ke2 cxd5 29. g4 a6 30. Bc3 Kf6 31. Bh7 Kf7 32. Ne5+ Bxe5 33. dxe5
Ne6 34. Bf5 d4 35. Bxe6+ Kxe6 36. Bxd4 Nxe5 37. Bxe5 Kxe5 38. Kd3 a5 39. a3 b5
40. a4 bxa4 41. bxa4 Kd5 42. f3 1/2-1/2

[Event "SK Münster 2 - SC Gronau 1"]
[Site "Regionalliga Münsterland 2018"]
[Date "2019.03.02"]
[Round "7.6"]
[White "Wingenfeld, Klaus"]
[Black "Hoge, Torsten"]
[Result "0-1"]
[WhiteElo "1895"]
[BlackElo "1922"]
[PlyCount "96"]
[EventDate "2019.??.??"]
[SourceDate "2018.09.09"]

1. d4 Nf6 2. Bf4 g6 3. Nc3 d5 4. f3 Bg7 5. e4 c6 6. Qd2 h6 7. e5 Ng8 8. Bd3 Be6
9. Nge2 Qc8 10. Be3 h5 11. Nf4 Nh6 12. O-O-O Nf5 13. Nxe6 Qxe6 14. Bxf5 Qxf5
15. Rhg1 Na6 16. g4 Qd7 17. h3 O-O-O 18. a3 Kb8 19. Bf4 Ka8 20. Kb1 Rc8 21. Qf2
Bf8 22. Be3 e6 23. Na4 b6 24. Qe2 Nc7 25. Nc3 Be7 26. g5 Rb8 27. h4 Rhc8 28.
Kc1 Qe8 29. Kd2 c5 30. b3 cxd4 31. Bxd4 Bxa3 32. Ra1 Bb4 33. Ra4 a5 34. Rga1
Kb7 35. Kd1 Bxc3 36. Bxc3 Nb5 37. Bb2 Rc5 38. b4 Rc4 39. c3 Qc6 40. Qe1 d4 41.
cxd4 Qxf3+ 42. Qe2 Qxe2+ 43. Kxe2 Rc2+ 44. Ke3 Rxb2 45. bxa5 bxa5 46. Rxa5 Rc8
47. R1a4 Rc3+ 48. Kf4 Rbb3 0-1

[Event "SK Münster 2 - SC Gronau 1"]
[Site "Regionalliga Münsterland 2018"]
[Date "2019.03.02"]
[Round "7.7"]
[White "Reckzuegel, Philipp"]
[Black "Peters, Helmut"]
[Result "1/2-1/2"]
[WhiteElo "1949"]
[BlackElo "1955"]
[PlyCount "62"]
[EventDate "2019.??.??"]
[SourceDate "2018.09.09"]

1. d4 Nf6 2. c4 e6 3. Nf3 b6 4. e3 Bb7 5. Bd3 c5 6. Nc3 cxd4 7. exd4 Be7 8. O-O
O-O 9. Re1 d5 10. cxd5 Nxd5 11. Nxd5 Bxd5 12. Bf4 Nc6 13. Be4 Bxe4 14. Rxe4 Qd5
15. Qe2 Rac8 16. a3 Rfd8 17. Rd1 Bf6 18. h3 h6 19. Rd2 Na5 20. Be5 Be7 21. Rg4
Bf8 22. Qe3 g6 23. Qf4 Bg7 24. Bxg7 Kxg7 25. Ne5 Rf8 26. Qg3 Rc1+ 27. Kh2 Nc4
28. Rxg6+ fxg6 29. Qxg6+ Kh8 30. Qxh6+ Kg8 31. Qg6+ Kh8 1/2-1/2

[Event "SK Münster 2 - SC Gronau 1"]
[Site "Regionalliga Münsterland 2018"]
[Date "2019.03.02"]
[Round "7.8"]
[White "Ollech, Dirk"]
[Black "Sprenger, Franz"]
[Result "1-0"]
[WhiteElo "1884"]
[BlackElo "1685"]
[PlyCount "59"]
[EventDate "2019.??.??"]
[SourceDate "2018.09.09"]

1. Nf3 d5 2. c4 dxc4 3. e3 Nf6 4. Bxc4 Nc6 5. d4 e6 6. O-O Be7 7. Nc3 O-O 8. a3
a6 9. b4 b5 10. Bd3 Nd5 11. Nxd5 Qxd5 12. Qc2 f5 13. Bb2 Bb7 14. Rac1 Qd7 15.
Rfd1 Rac8 16. e4 Nd8 17. Ne5 Qe8 18. exf5 Qh5 19. fxe6 Bd6 20. Qb3 Kh8 21. Re1
Rf6 22. d5 Qg5 23. Re3 Nxe6 24. Rg3 Qh5 25. dxe6 Bxe5 26. Rc5 Rh6 27. Bxe5
Qxh2+ 28. Kf1 Qh1+ 29. Ke2 Qh5+ 30. f3 1-0